| 000 | 00716nam a22002177a 4500 | ||
|---|---|---|---|
| 005 | 20251108164833.0 | ||
| 008 | 250721s1980 xx 000 0 ara d | ||
| 082 | 1 | 4 | _a813.909561/إبر |
| 100 | 1 | _aالسعافين، إبراهيم | |
| 245 | 1 | 0 | _aتطور الرواية العربية الحديثة في بلاد الشام 1870-1967 / |
| 264 | 1 |
_aبغداد : _bوزارة الثقافة و الإعلام، _c1980. |
|
| 300 | _a590ص | ||
| 490 | 0 | _aسلسلة دراسات ؛ 232 | |
| 650 | 1 | 7 | _aالقصص العربية |
| 650 | 1 | 7 | _aالتاريخ الأدبي |
| 650 | 1 | 7 | _aالنقد الأدبي |
| 650 | 1 | 7 | _aسورية |
| 650 | 1 | 7 | _aبلاد الشام |
| 942 |
_2ddc _cBK |
||
| 999 |
_c15529 _d15529 |
||